| 000 | 00798nam a2200277 a 4500 | ||
|---|---|---|---|
| 001 | vtls001800982 | ||
| 003 | NLI | ||
| 005 | 20210629045704.0 | ||
| 008 | 140215s1913 xx 000 0 eng | ||
| 039 | 9 |
_y201402152248 _zVLOAD |
|
| 040 |
_a NLI _b eng _c Entertech IMP - 2013 _e AACR2 |
||
| 041 | 1 |
_aeng _h. |
|
| 044 | _axx | ||
| 082 | _a174 | ||
| 100 | 0 |
_aRamachandra _91090550 |
|
| 245 | 1 | 0 |
_aHariscandra il virtuoso : _bsatyahari candra, drama in daino di / _cRamachandra prema versione dall originale |
| 260 |
_a[S.l] : _bMario Vallawri, _c1913 |
||
| 300 |
_a197 p. 11. ; _c19 cm. |
||
| 650 | 0 |
_aAtlases _9680842 |
|
| 650 | 0 |
_aMaps _9732656 |
|
| 887 | _a | ||
| 901 | _aIMP40706 | ||
| 902 | _a174 E. 379. | ||
| 949 |
_AVIRTUAITEM _D10000 _X100 _6IMP000040706ENG |
||
| 942 |
_2ddc _cBKS |
||
| 999 |
_c1237124 _d1237124 |
||